00899nam a2200241 a 4500003000900000005001700009008004100026020001800067040002800085043001200113100002000125245009900145250005200244260004200296300004200338490002300380650004300403650005400446650003600500650003500536650005500571700003100626CO-ViMGA20230915233129.0130717s2015 ec a gr 0001f spa d a9789588892153 aCO-ViMGAbspacCO-ViMGA as-ag---10aVarea, Mónica13aNavidad de perro cMónica Varea ; adaptación e ilustraciones de María Paz Cordovez Varea aEdicin̤ especial para El Ministerio de Cultura aBogotábPenguin Random House c2015 a[34] pg̀inas bilustraciones c20 cm aLeer es mi cuento 142LEMBaAutores ecuatorianosvSiglo XXI 142LEMBaLiteratura infantil ecuatorianaySiglo XXI 142LEMBaNavidad en la literatura 142LEMBaPerros en la literatura 14aCuentos infantiles ecuatorianos 2LEMBySiglo XXI 10aCordovez Varea, Mara̕ Paz